000 00347nam a2200145Ia 4500
008 191201s2009 xx 000 0 und d
082 _a621.34
_bSAP
100 _aSADIKU, MATTHEW N.O
245 0 _aPrinciples of Electromagnetics
250 _a4th
260 _aN.Delhi
_bOxford
_c2009
300 _a734
650 _aB.Tech(ECE)
942 _2ddc
_cBK
999 _c4244
_d4244